| 000 | 01236nam a2200301 4500 | ||
|---|---|---|---|
| 003 | EC-UNACH | ||
| 005 | 20251117125039.0 | ||
| 006 | s||||gr|||| 00| 00 | ||
| 008 | 150116t9999 mx r gr 000 0 spa d | ||
| 020 | _a978-9978-17-457-9 | ||
| 040 |
_aEC-UNACH _cEC-UNACH |
||
| 041 | _aspa | ||
| 082 | 0 | 4 |
_223 _a323.4 _bL018331 |
| 110 | _aEditorial Jurídica del Ecuador | ||
| 245 | _aDerecho penal y multiculturalidad: La justicia indígena en el estado constitucional ecuatoriano | ||
| 250 | _aPrimera edición | ||
| 264 |
_aEcuador _bEditorial Jurídica del Ecuador _c2016 |
||
| 300 | _a208 | ||
| 505 | _a1- Introducción - - 2- Desde arriba y desde abajo - - 3- El reconocimiento internacional y constitucional de la .. justicia y el derecho indígena. El caso Ecuatoriano - - 4-Los principios del derecho penal: el delito y la pena confrontados con el derecho ancestral y la justicia indígena - - 5- Conclusiones - - 6- Anexos | ||
| 650 | _aEL CONVENIO 169 DE LA OIT | ||
| 650 | _aLA CONSTITUCIÓN 2008 | ||
| 650 | _aPRINCIPIO DE LEGALIDAD | ||
| 700 | _aDr Carlos Baca Mancheno | ||
| 942 |
_2ddc _c1 |
||
| 999 | _c14192 | ||